00427 2200181 4500001002100000005001500021035002000036007000300056008004100059082001000100084001600110100002000126245002300146260004100169856001700210990000900227990000900236INLIS00000000000183220230522085401 a0010-0523000124ta230522 g 0 ind  a741.5 a741.5 SAB t0 asabaruddin tain1 aterima kasih Allah aJakarta :banak saleh pratama,c2009 aKoleksi Umum a3425 a3426